000
00294nam a22001337a 4500
008
181015b xxu||||| |||| 00| 0 eng d
020
_a
9780071444415
041
_a
eng
080
_2
16th
_a
610
100
_a
4
101
_a
SHM
245
_a
Manual of Medicine
_c
Kasper,D.L
942
_2
udc
_c
BK
999
_c
49706
_d
49706